Google Maps Landpoint - Continents - Statistics

General Stats
  • This quiz has been taken 30 times
  • The average score is 4 of 5
Answer Stats
Continent Answer % Correct
South America Brazil
100%
North America Canada
96%
Asia China
88%
Oceania Australia
85%
Africa Tanzania
42%
No matching quizzes found
Score Distribution
Percent of People with Each Score
Percentile by Number Answered
Your Score History
You have not taken this quiz